Normal view MARC view

Entry Personal Name

Number of records used in: 2

001 - CONTROL NUMBER

  • control field: 83397

003 - CONTROL NUMBER IDENTIFIER

  • control field: dpl

005 - DATE AND TIME OF LATEST TRANSACTION

  • control field: 20250728115803.0

008 - FIXED-LENGTH DATA ELEMENTS

  • fixed length control field: 250728|| aca||aabn | a|a d

040 ## - CATALOGING SOURCE

  • Original cataloging agency: dpl
  • Transcribing agency: dpl

100 ## - HEADING--PERSONAL NAME

  • Personal name: देवेन्द्र देव, आचार्य

670 ## - SOURCE DATA FOUND

  • Source citation: Work cat.: (dpl)212656: देवेन्द्र देव, आचार्य , अग्नि ऋचा / , 2019

© Delhi Public Library
Hit Counter
free hit counter